[Event "DEM U8 2025"]
[Site "Willingen GER"]
[Date "2025.06.13"]
[Round "6"]
[White "Lassak, Max"]
[Black "Gurevich, Lev"]
[Result "1/2-1/2"]
[Termination "normal"]
[Board "20"]
[WhiteElo "1025"]
[BlackElo "799"]
[WhiteClock "00:34:24"]
[BlackClock "00:50:55"]
[PlyCount "153"]
[EventCountry "GER"]
[EventRounds "7"]
[EventType "swiss"]
[EventDate "2025.06.10"]

1. e4 {[%clk 01:00:27]} {[%emt 00:00:03]} e5 {[%clk 01:00:24]} {[%emt
00:00:06]} 2. Nf3 {[%clk 01:00:34]} {[%emt 00:00:08]} Nc6 {[%clk 01:00:33]}
{[%emt 00:00:07]} 3. Bc4 {[%clk 01:00:31]} {[%emt 00:00:17]} Bc5 {[%clk
01:00:38]} {[%emt 00:00:10]} 4. d3 {[%clk 01:00:27]} {[%emt 00:00:19]} h6
{[%emt 00:00:11]} 5. Nc3 {[%emt 00:00:23]} Nf6 {[%clk 01:00:09]} {[%emt
00:00:10]} 6. O-O {[%clk 01:00:08]} {[%emt 00:00:33]} d6 {[%clk 01:00:05]}
{[%emt 00:00:19]} 7. Qe2 {[%clk 00:59:59]} {[%emt 00:00:23]} Be6 {[%clk
00:59:10]} {[%emt 00:01:11]} 8. Bxe6 {[%clk 00:59:44]} {[%emt 00:00:28]} fxe6
{[%clk 00:59:07]} {[%emt 00:00:21]} 9. Be3 {[%clk 00:59:21]} {[%emt 00:00:38]}
Nd4 {[%clk 00:59:10]} {[%emt 00:00:11]} 10. Nxd4 {[%clk 00:59:15]} {[%emt
00:00:20]} exd4 {[%clk 00:59:12]} {[%emt 00:00:14]} 11. Bxd4 {[%clk 00:58:40]}
{[%emt 00:00:50]} Bxd4 {[%clk 00:59:14]} {[%emt 00:00:13]} 12. Rab1 {[%clk
00:56:49]} {[%emt 00:02:07]} O-O {[%clk 00:58:34]} {[%emt 00:00:55]} 13. Qf3
{[%clk 00:55:47]} {[%emt 00:01:17]} e5 {[%clk 00:57:53]} {[%emt 00:00:55]} 14.
Ne2 {[%clk 00:55:24]} {[%emt 00:00:38]} Bb6 {[%clk 00:57:54]} {[%emt 00:00:14]}
15. Rfd1 {[%clk 00:54:54]} {[%emt 00:00:44]} Qe8 {[%clk 00:57:19]} {[%emt
00:00:50]} 16. Ng3 {[%clk 00:54:40]} {[%emt 00:00:30]} Qg6 {[%clk 00:56:56]}
{[%emt 00:00:35]} 17. Nf5 {[%clk 00:53:35]} {[%emt 00:01:24]} Qg4 {[%clk
00:57:02]} {[%emt 00:00:09]} 18. Qxg4 {[%clk 00:52:06]} {[%emt 00:01:43]} Nxg4
{[%clk 00:57:07]} {[%emt 00:00:10]} 19. Rf1 {[%clk 00:51:42]} {[%emt 00:00:40]}
g6 {[%clk 00:56:51]} {[%emt 00:00:23]} 20. Ne7+ {[%clk 00:51:15]} {[%emt
00:00:50]} Kh7 {[%emt 00:00:13]} 21. Nd5 {[%emt 00:00:46]} c6 {[%clk 00:55:43]}
{[%emt 00:00:25]} 22. Nxb6 {[%clk 00:51:14]} {[%emt 00:00:17]} axb6 {[%clk
00:55:51]} {[%emt 00:00:07]} 23. a3 {[%clk 00:51:15]} {[%emt 00:00:14]} h5
{[%clk 00:54:36]} {[%emt 00:01:29]} 24. h3 {[%clk 00:51:17]} {[%emt 00:00:13]}
Nh6 {[%clk 00:54:44]} {[%emt 00:00:08]} 25. Rbd1 {[%clk 00:50:44]} {[%emt
00:00:47]} Ra4 {[%clk 00:54:00]} {[%emt 00:01:00]} 26. c3 {[%clk 00:50:19]}
{[%emt 00:00:41]} c5 {[%clk 00:53:41]} {[%emt 00:00:34]} 27. Rfe1 {[%clk
00:48:57]} {[%emt 00:01:37]} b5 {[%clk 00:53:35]} {[%emt 00:00:20]} 28. Re2
{[%clk 00:48:58]} {[%emt 00:00:13]} b4 {[%clk 00:53:30]} {[%emt 00:00:20]} 29.
cxb4 {[%clk 00:48:37]} {[%emt 00:00:37]} cxb4 {[%clk 00:53:38]} {[%emt
00:00:07]} 30. axb4 {[%clk 00:48:37]} {[%emt 00:00:14]} Rxb4 {[%clk 00:53:46]}
{[%emt 00:00:06]} 31. Red2 {[%clk 00:48:38]} {[%emt 00:00:16]} Nf7 {[%clk
00:52:48]} {[%emt 00:01:12]} 32. f3 {[%clk 00:48:02]} {[%emt 00:00:50]} Rd4
{[%clk 00:52:29]} {[%emt 00:00:35]} 33. Kh2 {[%clk 00:47:48]} {[%emt 00:00:29]}
d5 {[%clk 00:52:17]} {[%emt 00:00:27]} 34. Kg1 {[%clk 00:47:39]} {[%emt
00:00:24]} dxe4 {[%clk 00:52:18]} {[%emt 00:00:15]} 35. dxe4 {[%clk 00:47:37]}
{[%emt 00:00:16]} Rxd2 {[%clk 00:52:26]} {[%emt 00:00:07]} 36. Rxd2 {[%clk
00:47:33]} {[%emt 00:00:18]} Rd8 {[%clk 00:52:37]} {[%emt 00:00:05]} 37. Rc2
{[%clk 00:47:18]} {[%emt 00:00:30]} Kg7 {[%clk 00:52:19]} {[%emt 00:00:33]} 38.
Rc7 {[%clk 00:47:17]} {[%emt 00:00:17]} b5 {[%clk 00:52:21]} {[%emt 00:00:13]}
39. Rb7 {[%clk 00:47:18]} {[%emt 00:00:13]} Rd2 {[%clk 00:52:11]} {[%emt
00:00:27]} 40. Rxb5 {[%clk 00:47:18]} {[%emt 00:00:15]} Kf6 {[%clk 00:52:19]}
{[%emt 00:00:06]} 41. b4 {[%clk 00:46:58]} {[%emt 00:00:35]} Ke6 {[%clk
00:51:55]} {[%emt 00:00:40]} 42. Rb6+ {[%clk 00:46:29]} {[%emt 00:00:44]} Rd6
{[%clk 00:52:00]} {[%emt 00:00:10]} 43. Rb7 {[%clk 00:44:59]} {[%emt 00:01:45]}
Nd8 {[%clk 00:51:56]} {[%emt 00:00:17]} 44. Rg7 {[%clk 00:44:43]} {[%emt
00:00:33]} Kf6 {[%clk 00:51:40]} {[%emt 00:00:30]} 45. Rc7 {[%clk 00:44:35]}
{[%emt 00:00:24]} Rc6 {[%clk 00:51:28]} {[%emt 00:00:27]} 46. Rxc6+ {[%clk
00:43:40]} {[%emt 00:01:10]} Nxc6 {[%clk 00:51:32]} {[%emt 00:00:10]} 47. b5
{[%clk 00:43:48]} {[%emt 00:00:07]} Na5 {[%clk 00:51:42]} {[%emt 00:00:06]} 48.
Kf2 {[%clk 00:43:25]} {[%emt 00:00:38]} g5 {[%clk 00:51:13]} {[%emt 00:00:44]}
49. Kg3 {[%clk 00:42:43]} {[%emt 00:00:56]} h4+ {[%clk 00:50:51]} {[%emt
00:00:38]} 50. Kg4 {[%clk 00:42:50]} {[%emt 00:00:09]} Kg6 {[%clk 00:50:23]}
{[%emt 00:00:43]} 51. b6 {[%clk 00:42:29]} {[%emt 00:00:35]} Nc4 {[%clk
00:50:27]} {[%emt 00:00:11]} 52. f4 {[%clk 00:41:54]} {[%emt 00:00:50]} Nxb6
{[%emt 00:00:41]} 53. fxg5 {[%clk 00:41:53]} {[%emt 00:00:14]} Nc4 {[%clk
00:49:22]} {[%emt 00:00:55]} 54. Kxh4 {[%clk 00:38:31]} {[%emt 00:03:37]} Nd6
{[%clk 00:49:23]} {[%emt 00:00:14]} 55. Kg4 {[%clk 00:37:03]} {[%emt 00:01:43]}
Nxe4 {[%clk 00:49:24]} {[%emt 00:00:14]} 56. h4 {[%clk 00:36:40]} {[%emt
00:00:38]} Nxg5 {[%clk 00:48:55]} {[%emt 00:00:45]} 57. hxg5 {[%clk 00:36:20]}
{[%emt 00:00:34]} e4 {[%clk 00:48:59]} {[%emt 00:00:11]} 58. g3 {[%clk
00:35:49]} {[%emt 00:00:47]} e3 {[%clk 00:49:09]} {[%emt 00:00:05]} 59. Kf3
{[%clk 00:35:48]} {[%emt 00:00:16]} Kxg5 {[%clk 00:49:10]} {[%emt 00:00:19]}
60. Kxe3 {[%clk 00:35:50]} {[%emt 00:00:09]} Kg4 {[%clk 00:49:14]} {[%emt
00:00:11]} 61. Kf2 {[%clk 00:34:47]} {[%emt 00:01:17]} Kg5 {[%clk 00:49:17]}
{[%emt 00:00:12]} 62. Kf3 {[%clk 00:34:48]} {[%emt 00:00:14]} Kf5 {[%clk
00:49:24]} {[%emt 00:00:09]} 63. g4+ {[%clk 00:34:53]} {[%emt 00:00:10]} Kg5
{[%clk 00:49:30]} {[%emt 00:00:09]} 64. Kg3 {[%clk 00:34:58]} {[%emt 00:00:10]}
Kg6 {[%clk 00:49:39]} {[%emt 00:00:06]} 65. Kh4 {[%clk 00:35:04]} {[%emt
00:00:09]} Kh6 {[%clk 00:49:44]} {[%emt 00:00:10]} 66. g5+ {[%clk 00:35:10]}
{[%emt 00:00:08]} Kg6 {[%clk 00:49:52]} {[%emt 00:00:07]} 67. Kg4 {[%clk
00:35:17]} {[%emt 00:00:08]} Kg7 {[%clk 00:49:54]} {[%emt 00:00:13]} 68. Kf4
{[%clk 00:35:19]} {[%emt 00:00:13]} Kg6 {[%clk 00:50:03]} {[%emt 00:00:06]} 69.
Kg4 {[%clk 00:35:28]} {[%emt 00:00:06]} Kg7 {[%clk 00:50:10]} {[%emt 00:00:08]}
70. Kh5 {[%clk 00:35:35]} {[%emt 00:00:08]} Kh7 {[%clk 00:50:17]} {[%emt
00:00:08]} 71. g6+ {[%clk 00:35:38]} {[%emt 00:00:12]} Kg7 {[%clk 00:50:25]}
{[%emt 00:00:07]} 72. Kg5 {[%clk 00:35:46]} {[%emt 00:00:07]} Kg8 {[%clk
00:50:32]} {[%emt 00:00:08]} 73. Kf5 {[%clk 00:35:40]} {[%emt 00:00:21]} Kg7
{[%clk 00:50:38]} {[%emt 00:00:09]} 74. Kg5 {[%clk 00:35:48]} {[%emt 00:00:07]}
Kg8 {[%clk 00:50:45]} {[%emt 00:00:07]} 75. Kh6 {[%clk 00:36:01]} {[%emt
00:00:02]} Kh8 {[%clk 00:50:50]} {[%emt 00:00:11]} 76. g7+ {[%clk 00:34:20]}
{[%emt 00:01:56]} Kg8 {[%clk 00:50:55]} {[%emt 00:00:09]} 77. Kg6 {[%clk
00:34:24]} {[%emt 00:00:11]} 1/2-1/2

[Event "DEM U8 2025"]
[Site "Willingen GER"]
[Date "2025.06.13"]
[Round "6"]
[White "Fredrich, Tarje"]
[Black "Wahlhäuser, Jari"]
[Result "1/2-1/2"]
[Termination "normal"]
[Board "21"]
[WhiteElo "1052"]
[BlackElo "1083"]
[WhiteClock "00:44:21"]
[BlackClock "00:37:23"]
[PlyCount "44"]
[WhiteFideId "533031258"]
[EventCountry "GER"]
[EventRounds "7"]
[EventType "swiss"]
[EventDate "2025.06.10"]

1. e4 {[%clk 01:00:02]} {[%emt 00:00:27]} e5 {[%clk 01:00:22]} {[%emt
00:00:09]} 2. Nf3 {[%emt 00:00:15]} Nc6 {[%emt 00:00:09]} 3. Bc4 {[%clk
00:59:33]} {[%emt 00:00:16]} Bc5 {[%clk 00:59:46]} {[%emt 00:00:55]} 4. d3
{[%clk 00:59:26]} {[%emt 00:00:18]} Nf6 {[%clk 00:59:48]} {[%emt 00:00:16]} 5.
Nc3 {[%clk 00:59:17]} {[%emt 00:00:17]} O-O {[%clk 00:59:15]} {[%emt 00:00:56]}
6. h3 {[%emt 00:00:31]} d6 {[%emt 00:00:13]} 7. g4 {[%clk 00:58:02]} {[%emt
00:00:09]} Re8 {[%clk 00:57:53]} {[%emt 00:02:15]} 8. g5 {[%clk 00:56:46]}
{[%emt 00:01:18]} Nd7 {[%clk 00:57:51]} {[%emt 00:00:29]} 9. h4 {[%clk
00:56:26]} {[%emt 00:00:31]} Nb6 {[%clk 00:54:24]} {[%emt 00:04:04]} 10. Bb3
{[%clk 00:55:38]} {[%emt 00:01:03]} Be6 {[%clk 00:53:23]} {[%emt 00:01:16]} 11.
Bxe6 {[%clk 00:55:23]} {[%emt 00:00:30]} fxe6 {[%clk 00:52:50]} {[%emt
00:00:48]} 12. h5 {[%clk 00:53:19]} {[%emt 00:00:25]} Rf8 {[%clk 00:50:02]}
{[%emt 00:04:54]} 13. h6 {[%clk 00:53:10]} {[%emt 00:00:22]} g6 {[%clk
00:49:31]} {[%emt 00:00:46]} 14. Be3 {[%clk 00:52:28]} {[%emt 00:00:51]} Bxe3
{[%clk 00:48:50]} {[%emt 00:01:06]} 15. fxe3 {[%clk 00:52:05]} {[%emt
00:00:30]} Qe7 {[%clk 00:48:12]} {[%emt 00:01:01]} 16. Qe2 {[%clk 00:51:40]}
{[%emt 00:00:35]} Qf7 {[%clk 00:48:00]} {[%emt 00:00:32]} 17. Nh4 {[%clk
00:50:43]} {[%emt 00:01:04]} d5 {[%clk 00:46:04]} {[%emt 00:02:19]} 18. O-O-O
{[%clk 00:50:36]} {[%emt 00:00:18]} Qf2 {[%clk 00:42:23]} {[%emt 00:03:59]} 19.
Rdf1 {[%clk 00:50:35]} {[%emt 00:00:18]} Qxe2 {[%clk 00:41:56]} {[%emt
00:00:42]} 20. Nxe2 {[%clk 00:49:45]} {[%emt 00:00:34]} d4 {[%clk 00:38:43]}
{[%emt 00:03:59]} 21. exd4 {[%clk 00:45:05]} {[%emt 00:04:55]} exd4 {[%clk
00:37:23]} {[%emt 00:01:36]} 22. Kd2 {[%clk 00:44:21]} {[%emt 00:00:59]} Nd7
{[%emt 00:04:23]} 1/2-1/2